[Event "Liechtenstein op 25th"]
[Site "Triesen"]
[Date "2007.05.15"]
[Round "5"]
[White "Frick, Renato"]
[Black "Mader, Jens"]
[Result "1-0"]
[WhiteElo "2146"]
[BlackElo "2007"]
[PlyCount "61"]
[EventDate "2007.05.11"]
[EventType "swiss"]
[EventRounds "9"]
[EventCountry "LIE"]
[SourceTitle "CBM 118 Extra"]
[Source "ChessBase"]
[SourceDate "2007.07.04"]
[SourceVersion "1"]
[SourceVersionDate "2007.07.04"]
[SourceQuality "1"]

1. e4 e6 2. d4 d5 3. Nc3 Bb4 4. e5 Ne7 5. a3 Bxc3+ 6. bxc3 c5 7. Qg4 Ng6 8. h4 Qc7 9. h5 cxd4 10. hxg6 Qxc3+ 11. Kd1 fxg6 12. Rb1 Nc6 13. Nf3 0-0 14. Bd3 Rxf3 15. Qxf3 Nxe5 16. Qh3 Nxd3 17. Qxd3 b6 18. Bb2 Qxd3+ 19. cxd3 Ba6 20. Kd2 Rf8 21. f3 e5 22. Rbc1 e4 23. Bxd4 exf3 24. Rc7 Rf4 25. Rxg7+ Kf8 26. Rxa7 Rxd4 27. Rxa6 fxg2 28. Rxh7 Kg8 29. Rc7 Rf4 30. Ra8+ Rf8 31. Rxf8+ 1-0

[Event "Liechtenstein op 25th"]
[Site "Triesen"]
[Date "2007.05.14"]
[Round "4"]
[White "Mader, Jens"]
[Black "Mira, Helene"]
[Result "1/2-1/2"]
[WhiteElo "2007"]
[BlackElo "2171"]
[PlyCount "107"]
[EventDate "2007.05.11"]
[EventType "swiss"]
[EventRounds "9"]
[EventCountry "LIE"]
[SourceTitle "CBM 118 Extra"]
[Source "ChessBase"]
[SourceDate "2007.07.04"]
[SourceVersion "1"]
[SourceVersionDate "2007.07.04"]
[SourceQuality "1"]

1. d4 g6 2. Nf3 Nf6 3. Bf4 Bg7 4. c3 d6 5. Nbd2 Nh5 6. Bg5 h6 7. Be3 e5 8. dxe5 dxe5 9. Nc4 Qe7 10. Ncxe5 0-0 11. Nd3 Re8 12. Bd4 Nc6 13. Bxg7 Nxg7 14. Qd2 Bf5 15. 0-0-0 g5 16. e3 Rad8 17. Nd4 Bg6 18. h4 Ne5 19. Nxe5 Qxe5 20. hxg5 hxg5 21. Bd3 c5 22. Nf3 Qe6 23. Nxg5 Qxa2 24. Bxg6 Qa1+ 25. Bb1 Rxd2 26. Rxd2 f6 27. Nf3 a5 28. Rd7 a4 29. Rh7 Ne6 30. Rxb7 a3 31. Nd2 a2 32. Ra7 Rb8 33. Rxa2 Qxb1+ 34. Kxb1 Kxh7 35. Ra7+ Kg6 36. Nf3 c4 37. Ra6 Nc5 38. Rc6 Nd3 39. Ka1 Nxb2 40. Ne5+ Kf5 41. Nxc4 Nd1 42. f3 Ra8+ 43. Kb1 Nxc3+ 44. Kc2 Ne2 45. g4+ Kg5 46. Nd6 Ng3 47. Nf7+ Kg6 48. Ne5+ Kg7 49. Rc7+ Kh6 50. Rc6 Kg7 51. Nd7 Ra3 52. Nxf6 Rxe3 53. Nh5+ Nxh5 54. gxh5 1/2-1/2

[Event "Bayern-chI Bank Hofmann 10th"]
[Site "Bad Wiessee"]
[Date "2006.11.04"]
[Round "1"]
[White "Mader, Jens"]
[Black "Morawietz, Dieter"]
[Result "0-1"]
[WhiteElo "2019"]
[BlackElo "2438"]
[PlyCount "68"]
[EventDate "2006.11.04"]
[EventType "swiss"]
[EventRounds "9"]
[EventCountry "GER"]
[SourceTitle "EXT 2007"]
[Source "ChessBase"]
[SourceDate "2006.11.23"]
[SourceVersion "1"]
[SourceVersionDate "2006.11.23"]
[SourceQuality "1"]

1. d4 Nf6 2. Nf3 e6 3. Bf4 b6 4. e3 Bb7 5. Nbd2 Be7 6. h3 0-0 7. Bd3 Nd5 8. Bh2 f5 9. c3 Nc6 10. 0-0 d6 11. Qe2 Qd7 12. Rae1 g6 13. e4 fxe4 14. Qxe4 Nd8 15. Qg4 Nf6 16. Qg5 Nh5 17. Qe3 Bf6 18. g4 Ng7 19. Ne4 Be7 20. Neg5 h6 21. Ne4 Nf7 22. Bf4 h5 23. Nfg5 e5 24. dxe5 dxe5 25. Bc4 exf4 26. Nxf7 fxe3 27. Ne5+ Qe6 28. Bxe6+ Nxe6 29. Rxe3 Nf4 30. Rfe1 Rad8 31. Nc4 Bh4 32. g5 Bxe4 33. Rxe4 Nxh3+ 34. Kg2 Nf4+ 0-1

[Event "Moehnesee Cup-A"]
[Site "Moehnesee"]
[Date "2005.08.21"]
[Round "6"]
[White "Mader, Jens"]
[Black "Verfuerden, Bernard"]
[Result "1/2-1/2"]
[WhiteElo "2015"]
[BlackElo "1849"]
[PlyCount "25"]
[EventDate "2005.08.18"]
[EventType "swiss"]
[EventRounds "7"]
[EventCountry "GER"]
[SourceTitle "CBM 108 Extra"]
[Source "ChessBase"]
[SourceDate "2005.11.04"]
[SourceVersion "1"]
[SourceVersionDate "2005.11.04"]
[SourceQuality "1"]

1. d4 d5 2. Nf3 c6 3. c3 Nf6 4. Bf4 Bf5 5. Nbd2 e6 6. h3 Bd6 7. Bxd6 Qxd6 8. e3 Nbd7 9. Qb3 0-0 10. c4 Ne4 11. Nxe4 Bxe4 12. Nd2 Bg6 13. Be2 1/2-1/2

[Event "Moehnesee Cup-A"]
[Site "Moehnesee"]
[Date "2005.08.21"]
[Round "7"]
[White "Wegener, Dirk1111"]
[Black "Mader, Jens"]
[Result "1-0"]
[WhiteElo "1831"]
[BlackElo "2015"]
[PlyCount "39"]
[EventDate "2005.08.18"]
[EventType "swiss"]
[EventRounds "7"]
[EventCountry "GER"]
[SourceTitle "CBM 108 Extra"]
[Source "ChessBase"]
[SourceDate "2005.11.04"]
[SourceVersion "1"]
[SourceVersionDate "2005.11.04"]
[SourceQuality "1"]

1. e4 c5 2. Nc3 Nc6 3. f4 d6 4. Nf3 g6 5. Bc4 e6 6. 0-0 Bg7 7. d3 Nge7 8. Qe1 Nd4 9. Nxd4 Bxd4+ 10. Kh1 0-0 11. f5 exf5 12. Bg5 Qd7 13. Qh4 Bxc3 14. bxc3 d5 15. Bxe7 dxc4 16. Bxf8 Kxf8 17. Qxh7 Qc6 18. exf5 gxf5 19. Qh8+ Ke7 20. Rfe1+ 1-0